紅樓夢

資料類型: Book 圖書   書目號:3775

Leader xxxxxxxxxx
001 __ PCLIS00003775
005 __ 20210702150513.0
010 0_ |b上冊 : 精裝|dNT$150
010 0_ |b中冊 : 精裝|dNT$150
010 0_ |b下冊 : 精裝|dNT$150
100 __ |a19870509d1988    m  y0chiy09      e
101 0_ |achi
102 __ |atw
105 __ |aachjz   000ay
200 1_ |a紅樓夢|f(清)曹雪芹著
205 __ |a再版
210 __ |a臺北巿|c桂冠|d1988[民77]
215 0_ |a3冊(15, 1948面, 2葉摺圖)|c圖, 像, 書影, 譜系表, 摺圖|d22公分
225 1_ |a中國古典文學名著
300 __ |a語文--中國古典文學
320 __ |a附錄: 1, 紅樓夢人物表; 2, 紅樓夢四大家族關係表; 3, 大觀園平面示意圖
700 _1 |s|a|b雪芹|4801 _0 |atw|b內湖高中|c20010622|gCCR
  
  
詳細館藏 1-3 筆 (共 3 筆)
索 書 號登 錄 號冊次號館別 / 館藏地流通類型狀態加入預約清單電子資源
857.4 / 8440 1004308 V24 圖書館 / 一樓普通區 可外借30天 在館   
857.4 / 8440 1004309 V25 圖書館 / 一樓普通區 可外借30天 在館   
857.4 / 8440 1004310 V26 圖書館 / 一樓普通區 可外借30天 在館   

| 條列資料




目錄查詢 分類查詢 個人資料 圖書薦購 新書查詢 閉館日 排行榜 更多電子資源 Hami書城 線上資料庫 登出

From : 216.73.217.52

  本日流通累計至 06:08:36 借閱 : 0 次 續借 : 0 次 歸還 : 0 次 預約 : 0 次 電子資源 : 0 次


內湖高中圖書館  PCLIS 版本  26.5.0.12